000 01817cam a2200469 i 4500
999 _c41561
_d41561
001 21558131
003 OSt
005 20220926144605.0
006 m |o d |
007 cr||||||||||||
008 140804t20142014nyu ob 001 0 eng
010 _a 2019721458
020 _a9781631177316
_qpdf
020 _z1631177303
020 _z9781631177309
040 _aDLC
_beng
_erda
_cDLC
_dDLC
043 _an-us---
050 0 0 _aTX531
082 0 4 _a363.19260973
_223
_bBRA/F
245 0 0 _aFood fraud and adulterated ingredients :
_bbackground, issues, and federal action /
_cDarrell T. Braden, editor.
264 1 _aNew York :
_bNova Science Publishers,
_c[2014]
264 4 _c©2014
300 _a113 pages
336 _atext
_btxt
_2rdacontent
337 _acomputer
_bc
_2rdamedia
338 _aonline resource
_bcr
_2rdacarrier
490 1 _aFood science and technology
490 1 _aNovinka
504 _aIncludes bibliographical references and index.
588 _aDescription based on print version record.
650 0 _aFood fraud
_xPrevention
_xGovernment policy
_zUnited States.
650 0 _aFood contamination
_xPrevention
_xGovernment policy
_zUnited States.
650 0 _aFood adulteration and inspection
_zUnited States.
650 0 _aFishery products
_xMarketing
_xLaw and legislation
_zUnited States.
700 _aBraden, Darrell T.
_99139
776 0 8 _iPrint version:
_tFood fraud and adulterated ingredients
_dNew York : Nova Science Publishers, [2014]
_z1631177303
_w(DLC) 2014412864
830 0 _aFood science and technology series (Nova Science Publishers)
830 0 _aNovinka (Series)
906 _a7
_bcbc
_corigcop
_d1
_eecip
_f20
_gy-gencatlg
942 _2ddc
_cBK
_h363.19260973
_iBRA/F
_k363.19260973
_mBRA/F